[Event "XVI Festival A"]
[Site "Padova ITA"]
[Date "2013.12.22"]
[Round "9"]
[White "Godena, Michele"]
[Black "Rombaldoni, Axel"]
[WhiteElo "2509"]
[BlackElo "2527"]
[Result "1-0"]
[PlyCount "63"]
[EventDate "2013.12.15"]

1. e4 c5 2. c3 Nf6 3. e5 Nd5 4. Nf3 Nc6 5. d4 cxd4 6. cxd4 d6 7. Bc4 Nb6 8. Bb5
d5 9. O-O Bf5 10. a4 a5 11. Nh4 Bxb1 12. Rxb1 e6 13. Qg4 Nc8 14. Nf3 N8a7 15.
Be2 Qd7 16. Bd2 h6 17. h4 g6 18. Qf4 Be7 19. g3 Rb8 20. Ra1 Bd8 21. Rfc1 b5 22.
axb5 Nxb5 23. Rc5 Nba7 24. Bd1 Be7 25. Rcc1 Rxb2 26. Ba4 Nb5 27. Bc3 Nxc3 28.
Rxc3 O-O 29. Bxc6 Qa7 30. Qxh6 Rc8 31. h5 Bf8 32. Qc1 1-0

[Event "XVI Festival A"]
[Site "Padova ITA"]
[Date "2013.12.22"]
[Round "9"]
[White "Kovacevic, Blazimir"]
[Black "Rozentalis, Eduardas"]
[WhiteElo "2437"]
[BlackElo "2622"]
[Result "1/2-1/2"]
[PlyCount "73"]
[EventDate "2013.12.15"]

1. c4 e6 2. Nf3 b6 3. g3 Bb7 4. Bg2 Nf6 5. O-O Be7 6. Nc3 O-O 7. d4 Ne4 8. Nxe4
Bxe4 9. Nh4 Bxg2 10. Nxg2 a6 11. Qd3 Nc6 12. Rd1 b5 13. b3 Nxd4 14. Bb2 c5 15.
cxb5 Bf6 16. Rac1 Qb6 17. Bxd4 Bxd4 18. b4 d5 19. a4 Rfc8 20. e3 Bf6 21. bxc5
Rxc5 22. Rxc5 Qxc5 23. Rb1 axb5 24. axb5 Ra3 25. Qf1 Qb6 26. Ne1 g6 27. Nc2 Rc3
28. Qd1 h5 29. Nd4 Kg7 30. h4 Rc5 31. Qd3 Rc4 32. Ne2 Be5 33. Qb3 Kh7 34. Rc1
Qc5 35. Rb1 Qb6 36. Rc1 Qc5 37. Rb1 1/2-1/2

[Event "XVI Festival A"]
[Site "Padova ITA"]
[Date "2013.12.22"]
[Round "9"]
[White "Manca, Federico"]
[Black "Mogranzini, Roberto"]
[WhiteElo "2402"]
[BlackElo "2506"]
[Result "1/2-1/2"]
[PlyCount "20"]
[EventDate "2013.12.15"]

1. e4 c5 2. c3 Nf6 3. e5 Nd5 4. d4 cxd4 5. Nf3 Nc6 6. Bc4 Nb6 7. Bb3 d5 8. exd6
Qxd6 9. O-O Be6 10. Bxe6 Qxe6 1/2-1/2

[Event "XVI Festival A"]
[Site "Padova ITA"]
[Date "2013.12.22"]
[Round "9"]
[White "Naumkin, Igor"]
[Black "Rossi, Carlo"]
[WhiteElo "2445"]
[BlackElo "2285"]
[Result "1-0"]
[PlyCount "69"]
[EventDate "2013.12.15"]

1. d4 Nf6 2. c4 e6 3. Nf3 c5 4. d5 exd5 5. cxd5 Qa5+ 6. Nc3 b5 7. Bg5 Be7 8. d6
Bd8 9. a4 Bb7 10. axb5 Qb4 11. Qc2 c4 12. e3 O-O 13. Ra4 Qxd6 14. Bxc4 Qc5 15.
Bxf6 Bxf6 16. Ne4 Qe7 17. Nxf6+ Qxf6 18. Bd3 g6 19. Rf4 Qb6 20. O-O a6 21. Qb3
d5 22. Rb4 a5 23. Rh4 Nd7 24. Nd4 Rfc8 25. Qd1 Ne5 26. f4 Qf6 27. Rh3 Nc4 28.
Bxc4 dxc4 29. f5 Qe5 30. Qg4 Qe4 31. Qg5 c3 32. bxc3 Rxc3 33. fxg6 hxg6 34. Nf5
Bd5 35. Rh8+ 1-0

[Event "XVI Festival A"]
[Site "Padova ITA"]
[Date "2013.12.22"]
[Round "9"]
[White "Rombaldoni, Denis"]
[Black "Aghayev, Miragha"]
[WhiteElo "2462"]
[BlackElo "2350"]
[Result "1-0"]
[PlyCount "41"]
[EventDate "2013.12.15"]

1. d4 g6 2. e4 Bg7 3. h4 d5 4. e5 c5 5. Nc3 Nc6 6. Bb5 cxd4 7. Qxd4 a6 8. Bxc6+
bxc6 9. h5 e6 10. Nf3 Nh6 11. Bg5 Qa5 12. Qf4 Nf5 13. g4 h6 14. hxg6 hxg5 15.
Rxh8+ Bxh8 16. gxf7+ Kxf7 17. Nxg5+ Kg6 18. gxf5+ exf5 19. Qh2 Bxe5 20. Qxe5
Kxg5 21. O-O-O 1-0

[Event "XVI Festival A"]
[Site "Padova ITA"]
[Date "2013.12.22"]
[Round "9"]
[White "Sanchez, Joseph"]
[Black "Lazic, Miroljub"]
[WhiteElo "2534"]
[BlackElo "2461"]
[Result "0-1"]
[PlyCount "52"]
[EventDate "2013.12.15"]

1. e4 e5 2. Nf3 Nc6 3. Nc3 Nf6 4. Bb5 Bb4 5. O-O O-O 6. d3 d6 7. Bg5 Bxc3 8.
bxc3 Qe7 9. Re1 Nd8 10. d4 Ne6 11. Bc1 Rd8 12. a4 Nf8 13. a5 Bd7 14. Bd3 Ng6
15. h3 b6 16. dxe5 dxe5 17. Bd2 h6 18. Qc1 Nh5 19. c4 Nhf4 20. Re3 Qe6 21. Bc3
f6 22. c5 bxc5 23. Qf1 Nxd3 24. cxd3 Bb5 25. Nd2 Nf4 26. Nc4 Rxd3 0-1

[Event "XVI Festival A"]
[Site "Padova ITA"]
[Date "2013.12.22"]
[Round "9"]
[White "Sibilio, Mario"]
[Black "Valsecchi, Alessio"]
[WhiteElo "2314"]
[BlackElo "2428"]
[Result "1/2-1/2"]
[PlyCount "130"]
[EventDate "2013.12.15"]

1. Nf3 d6 2. d4 f5 3. Nc3 Nf6 4. Bg5 Nbd7 5. d5 c6 6. Nd4 Ne5 7. Bxf6 gxf6 8.
e3 cxd5 9. Qh5+ Ng6 10. Nxd5 Qa5+ 11. Nc3 Qe5 12. Bb5+ Kf7 13. Bd3 a6 14. Bxf5
Bxf5 15. Qxf5 Qxf5 16. Nxf5 e6 17. Nd4 Rc8 18. f4 f5 19. g3 Bg7 20. O-O-O Rc4
21. Nce2 Ne7 22. Kb1 b5 23. h3 h5 24. b3 Rc7 25. Nf3 Nd5 26. e4 fxe4 27. Ng5+
Ke7 28. f5 Be5 29. Nxe6 Nc3+ 30. Nxc3 Rxc3 31. Rhe1 Kf6 32. Nf4 Bxf4 33. gxf4
Kxf5 34. Rxd6 Rxh3 35. Rxa6 h4 36. Ra7 Re8 37. Rf7+ Kg4 38. f5 e3 39. f6 Kf4
40. Rh7 Rf8 41. Rf1+ Kg3 42. Rg7+ Kh2 43. Rf4 Kh1 44. Kc1 e2 45. Re7 Rh2 46. f7
Kg1 47. Kd2 Rd8+ 48. Kc3 Rf2 49. Rg4+ Kf1 50. Rg8 e1=Q+ 51. Rxe1+ Kxe1 52. Rxd8
Rxf7 53. Kb4 Rh7 54. Rg8 h3 55. Rg1+ Kf2 56. Rh1 Kg2 57. Rxh3 Rxh3 58. Kxb5 Rc3
59. a4 Kf3 60. a5 Rxc2 61. a6 Ke4 62. a7 Ra2 63. Kb6 Kd4 64. Kb7 Kc3 65. a8=Q
Rxa8 1/2-1/2

[Event "XVI Festival A"]
[Site "Padova ITA"]
[Date "2013.12.22"]
[Round "9"]
[White "Solodovnichenko, Yuri"]
[Black "Petkov, Vladimir"]
[WhiteElo "2586"]
[BlackElo "2558"]
[Result "1-0"]
[PlyCount "49"]
[EventDate "2013.12.15"]

1. e4 c5 2. Nf3 d6 3. d4 cxd4 4. Nxd4 Nf6 5. Nc3 a6 6. Bg5 Nbd7 7. Bc4 Qa5 8.
Qd2 e6 9. O-O-O Be7 10. Kb1 Nc5 11. Rhe1 Qc7 12. f4 h6 13. Bxf6 Bxf6 14. g4 Bd7
15. Nf5 exf5 16. exf5+ Kf8 17. Nd5 Qc6 18. Nxf6 gxf6 19. Qd4 d5 20. Bxd5 Qb6
21. Be6 fxe6 22. Qxf6+ Kg8 23. Rxd7 Nxd7 24. Qg6+ Kf8 25. fxe6 1-0

[Event "C.to Regionale Lombardia Seniores"]
[Site "Robecchetto con Induno ITA"]
[Date "2013.12.27"]
[Round "1"]
[White "Brioschi, Camillo"]
[Black "Torretta, Gilberto"]
[WhiteElo "1793"]
[BlackElo "1630"]
[Result "1/2-1/2"]
[PlyCount "93"]
[EventDate "2013.12.27"]

1. d4 Nf6 2. c4 g6 3. Nc3 Bg7 4. e4 d6 5. Be2 O-O 6. f4 c5 7. Nf3 cxd4 8. Nxd4
e5 9. Ndb5 Ne8 10. Nd5 a6 11. Nbc3 Nc6 12. O-O Nd4 13. Be3 f5 14. fxe5 dxe5 15.
Bd3 Nd6 16. c5 Nxe4 17. Nb6 Nxc5 18. Bc4+ Be6 19. Bxe6+ Ncxe6 20. Nxa8 Qxa8 21.
Qa4 b5 22. Qd1 Rd8 23. Rc1 b4 24. Na4 Qd5 25. b3 g5 26. Qe1 f4 27. Bd2 a5 28.
Qf2 e4 29. Nb6 Qb7 30. Nc4 Nf3+ 31. gxf3 Bd4 32. Be3 fxe3 33. Nxe3 Qa7 34. Rce1
Nf4 35. Kh1 Nd3 36. Qe2 Nxe1 37. Rxe1 exf3 38. Qxf3 Bxe3 39. Rxe3 Qa8 40. Qxa8
Rxa8 41. Re5 h6 42. Kg2 Kg7 43. Kf3 Kf6 44. Rb5 Ra6 45. Kg4 Kg6 46. h3 h5+ 47.
Kg3 1/2-1/2

[Event "C.to Regionale Lombardia Seniores"]
[Site "Robecchetto con Induno ITA"]
[Date "2013.12.27"]
[Round "1"]
[White "Cillo, Angelo"]
[Black "Rigotti, Gianluigi"]
[WhiteElo "1755"]
[BlackElo "1594"]
[Result "0-1"]
[PlyCount "68"]
[EventDate "2013.12.27"]

1. d4 Nf6 2. Nf3 d5 3. Nbd2 e6 4. e3 c6 5. Bd3 b6 6. Ne5 Bd6 7. f4 c5 8. c3
cxd4 9. exd4 Ba6 10. Qa4+ b5 11. Bxb5+ Bxb5 12. Qxb5+ Nbd7 13. O-O Qb6 14. Qxb6
Nxb6 15. a4 a5 16. b3 Rc8 17. c4 dxc4 18. bxc4 Bb4 19. c5 Nbd5 20. Ndc4 Ne4 21.
Nd3 Bc3 22. Bb2 O-O 23. Bxc3 Ndxc3 24. Nxa5 Ne2+ 25. Kh1 Nxd4 26. Rac1 Rc7 27.
Rfe1 f5 28. g4 Ra8 29. gxf5 exf5 30. Rc4 Nf3 31. Nb3 Nxe1 32. Nxe1 Rb8 33. Nd4
Rxc5 34. Rxc5 Nxc5 0-1

[Event "C.to Regionale Lombardia Seniores"]
[Site "Robecchetto con Induno ITA"]
[Date "2013.12.27"]
[Round "1"]
[White "Ferri, Antonio"]
[Black "Buzio, Alberto"]
[WhiteElo "1651"]
[BlackElo "1854"]
[Result "0-1"]
[PlyCount "68"]
[EventDate "2013.12.27"]

1. d4 Nf6 2. Bf4 c5 3. Nf3 cxd4 4. Nxd4 e5 5. Nf5 exf4 6. Nd6+ Bxd6 7. Qxd6
Qa5+ 8. Nc3 Qb6 9. Qe5+ Qe6 10. Qxf4 Nd5 11. Nxd5 Qxd5 12. e4 Qa5+ 13. c3 O-O
14. Bd3 Nc6 15. O-O Qe5 16. Qh4 Qf6 17. Qh5 g6 18. Qh6 Ne5 19. Be2 Qg7 20. Qg5
d6 21. f4 Nc6 22. Rf3 h6 23. Qh4 g5 24. fxg5 hxg5 25. Qh5 Qg6 26. Qxg6+ fxg6
27. Rd3 Ne5 28. Rxd6 Bd7 29. Rad1 Bc6 30. R1d4 Kg7 31. c4 Rae8 32. b4 Rf4 33.
Bd3 Nxd3 34. Rxd3 Rexe4 0-1

[Event "C.to Regionale Lombardia Seniores"]
[Site "Robecchetto con Induno ITA"]
[Date "2013.12.27"]
[Round "1"]
[White "Madaschi, Sergio"]
[Black "Maffeo, Mauro"]
[WhiteElo "1561"]
[BlackElo "1713"]
[Result "1/2-1/2"]
[PlyCount "132"]
[EventDate "2013.12.27"]

1. e4 e6 2. d4 d5 3. Nd2 Be7 4. Ngf3 Nf6 5. e5 Nfd7 6. Bd3 c5 7. c3 cxd4 8.
cxd4 Nc6 9. a3 O-O 10. O-O f5 11. b4 Qe8 12. Nb3 b6 13. Bd2 Bb7 14. b5 Nd8 15.
a4 Nf7 16. Qe2 g5 17. h3 Kh8 18. a5 Rg8 19. axb6 axb6 20. Rxa8 Qxa8 21. Ra1 Qb8
22. Kh1 Nf8 23. Nh2 Ng6 24. Rc1 Nh4 25. g3 Ng6 26. Qh5 Ba8 27. Rg1 Qa7 28. Ra1
Qb7 29. Rg1 Rg7 30. Nf3 Nf8 31. Nh2 Kg8 32. f4 h6 33. Qe2 Nh7 34. g4 gxf4 35.
gxf5 Rxg1+ 36. Kxg1 exf5 37. Bxf5 Nhg5 38. Bxf4 Qc7 39. Qg2 Qc3 40. Qg3 Qxg3+
41. Bxg3 Nd8 42. Nd2 Bb4 43. Ndf3 Bc3 44. Nxg5 Bxd4+ 45. Kg2 hxg5 46. Nf3 Be3
47. Kf1 d4 48. Ke2 Bd5 49. Bf2 Bxf3+ 50. Kxf3 Bxf2 51. Kxf2 Nf7 52. e6 Nd6 53.
Bd3 Kf8 54. Kf3 Ke7 55. Kg4 Kxe6 56. Kxg5 Nf7+ 57. Kf4 Ne5 58. Ke4 Kf6 59. Kxd4
Nf3+ 60. Kd5 Ne5 61. Be4 Nd7 62. Kd6 Nc5 63. Bg2 Na4 64. Bd5 Nc3 65. Bc4 Na4
66. Bd5 Nc3 1/2-1/2

[Event "C.to Regionale Lombardia Seniores"]
[Site "Robecchetto con Induno ITA"]
[Date "2013.12.27"]
[Round "1"]
[White "Ossoli, Giuseppe"]
[Black "Sala, Gianni"]
[WhiteElo "1601"]
[BlackElo "1779"]
[Result "1/2-1/2"]
[PlyCount "43"]
[EventDate "2013.12.27"]

1. c4 Nf6 2. Nc3 e5 3. e4 Bc5 4. h3 Nc6 5. Nf3 d6 6. a3 a5 7. Be2 h6 8. b3 Nd4
9. Bd3 Bd7 10. Bb2 Ne6 11. Bc2 O-O 12. O-O Qc8 13. Ne2 Bc6 14. d3 Nh5 15. Qd2
Nf6 16. Bc3 Bb6 17. b4 Bd7 18. bxa5 Ba7 19. d4 exd4 20. Nfxd4 Nc5 21. Ng3 Re8
22. Rfe1 1/2-1/2

[Event "C.to Regionale Lombardia Seniores"]
[Site "Robecchetto con Induno ITA"]
[Date "2013.12.27"]
[Round "1"]
[White "Puricelli, Giancarlo"]
[Black "Marchesotti, Giovanni"]
[WhiteElo "1687"]
[BlackElo "1526"]
[Result "1-0"]
[PlyCount "101"]
[EventDate "2013.12.27"]

1. d4 Nf6 2. c4 e6 3. Nf3 b6 4. e3 Bb7 5. Nc3 Bb4 6. Bd3 O-O 7. O-O Bxc3 8.
bxc3 d6 9. Re1 Ne4 10. Qc2 f5 11. Nd2 Nxd2 12. Bxd2 Nd7 13. e4 Qf6 14. Be3 Qg6
15. d5 Ne5 16. exf5 Nf3+ 17. Kh1 Nxe1 18. Rxe1 exf5 19. Rg1 Rae8 20. g4 Rxe3
21. fxe3 Qg5 22. Bxf5 g6 23. Qd3 Qf6 24. Be6+ Kg7 25. Qd4 Qxd4 26. cxd4 Ba6 27.
Rc1 Rf2 28. c5 Rf1+ 29. Rxf1 Bxf1 30. cxd6 cxd6 31. e4 Kf6 32. h4 h6 33. Kh2
Bd3 34. g5+ hxg5 35. hxg5+ Ke7 36. e5 dxe5 37. dxe5 Be4 38. Kg3 b5 39. Kf4 Bb1
40. a3 a5 41. Bc8 Kd8 42. Ba6 b4 43. axb4 axb4 44. Bc4 Bc2 45. e6 b3 46. d6 b2
47. Bb5 b1=Q 48. e7+ Kc8 49. e8=Q+ Kb7 50. Qc6+ Ka7 51. Qc7+ 1-0

[Event "C.to Regionale Lombardia Seniores"]
[Site "Robecchetto con Induno ITA"]
[Date "2013.12.28"]
[Round "2"]
[White "Buzio, Alberto"]
[Black "Puricelli, Giancarlo"]
[WhiteElo "1854"]
[BlackElo "1687"]
[Result "1-0"]
[PlyCount "107"]
[EventDate "2013.12.27"]

1. e4 e5 2. Nf3 Nc6 3. d4 exd4 4. Bc4 Qe7 5. O-O Ne5 6. Nxe5 Qxe5 7. Qf3 Qf6 8.
Qb3 Bc5 9. e5 Qg6 10. Re1 Ne7 11. Nd2 O-O 12. Ne4 b6 13. Nxc5 bxc5 14. Bf4 Ba6
15. Bxa6 Qxa6 16. Qf3 Ng6 17. Bd2 Rab8 18. b3 Rfe8 19. Bf4 Re6 20. Bg3 Rbe8 21.
Qh5 d6 22. f4 dxe5 23. f5 Rc6 24. fxg6 Rxg6 25. Rxe5 Rge6 26. Rae1 d3 27. Rxe6
Rxe6 28. Rxe6 Qxe6 29. cxd3 Qe3+ 30. Kf1 Qxd3+ 31. Qe2 Qb1+ 32. Kf2 Qf5+ 33.
Kg1 Qd7 34. h3 h6 35. Qe5 c6 36. Qxc5 Kh7 37. Bf2 a6 38. Qd4 Qf5 39. Qd2 f6 40.
Kh2 Kg8 41. Bg3 Kh7 42. Qf4 Qa5 43. a4 Qd5 44. Qc4 Qxc4 45. bxc4 Kg6 46. Bd6 h5
47. Kg3 Kf5 48. Kf3 g5 49. g4+ hxg4+ 50. hxg4+ Ke6 51. Bc5 f5 52. Bd4 fxg4+ 53.
Kxg4 a5 54. Kxg5 1-0

[Event "C.to Regionale Lombardia Seniores"]
[Site "Robecchetto con Induno ITA"]
[Date "2013.12.28"]
[Round "2"]
[White "Maffeo, Mauro"]
[Black "Ossoli, Giuseppe"]
[WhiteElo "1713"]
[BlackElo "1601"]
[Result "1-0"]
[PlyCount "83"]
[EventDate "2013.12.27"]

1. d4 e6 2. e3 d5 3. f4 Nf6 4. Nf3 Nc6 5. a3 Bd7 6. Bd3 Bd6 7. O-O Ne4 8. Nbd2
f5 9. Ne5 Nxe5 10. fxe5 Be7 11. Qh5+ g6 12. Qe2 c5 13. Bxe4 dxe4 14. c3 a6 15.
a4 O-O 16. b3 b5 17. axb5 axb5 18. Bb2 Qb6 19. Qf2 Bc6 20. Rab1 Bd5 21. c4 Bc6
22. Qg3 b4 23. Kh1 Rf7 24. Ra1 Raf8 25. Ra2 cxd4 26. Bxd4 Bc5 27. Bxc5 Qxc5 28.
Qf4 Rd7 29. Re1 Rfd8 30. Nf1 Rd3 31. Rb2 Qa5 32. h4 Be8 33. Ng3 Qa3 34. Rbb1
Qa2 35. h5 Rxb3 36. Ra1 Qc2 37. h6 Rb2 38. Ne2 Qxc4 39. Qg5 Rd7 40. Ra8 Kf8 41.
Qf6+ Rf7 42. Qh8+ 1-0

[Event "C.to Regionale Lombardia Seniores"]
[Site "Robecchetto con Induno ITA"]
[Date "2013.12.28"]
[Round "2"]
[White "Marchesotti, Giovanni"]
[Black "Ferri, Antonio"]
[WhiteElo "1526"]
[BlackElo "1651"]
[Result "1/2-1/2"]
[PlyCount "59"]
[EventDate "2013.12.27"]

1. b3 d6 2. Bb2 e5 3. c4 Nc6 4. e3 Nf6 5. Nf3 Be7 6. Be2 O-O 7. O-O Bd7 8. d4
exd4 9. exd4 d5 10. Nc3 dxc4 11. bxc4 a6 12. d5 Na7 13. Ne5 Bf5 14. g4 Bg6 15.
Nxg6 fxg6 16. Kg2 Ne8 17. Qc2 Nd6 18. Ne4 Nxe4 19. Qxe4 Bf6 20. Bxf6 Qxf6 21.
Qe6+ Kh8 22. Qxf6 gxf6 23. Rab1 Rab8 24. a4 a5 25. c5 b6 26. cxb6 cxb6 27. Rfe1
Nc8 28. Bf3 Kg7 29. Re6 Rd8 30. Kg3 1/2-1/2

[Event "C.to Regionale Lombardia Seniores"]
[Site "Robecchetto con Induno ITA"]
[Date "2013.12.28"]
[Round "2"]
[White "Rigotti, Gianluigi"]
[Black "Brioschi, Camillo"]
[WhiteElo "1594"]
[BlackElo "1793"]
[Result "1-0"]
[PlyCount "118"]
[EventDate "2013.12.27"]

1. e4 e5 2. Nf3 Nc6 3. Bb5 a6 4. Ba4 Nf6 5. O-O Be7 6. Re1 b5 7. Bb3 d6 8. c3
O-O 9. d4 Bg4 10. d5 Na5 11. Bc2 Nc4 12. Nbd2 Nxd2 13. Bxd2 Qd7 14. Bg5 Nh5 15.
Bxe7 Qxe7 16. h3 Bd7 17. Kh2 Nf4 18. h4 Bg4 19. g3 Qf6 20. gxf4 Qxf4+ 21. Kg2
Bh5 22. Re3 Qg4+ 23. Kf1 Qh3+ 24. Ke1 f5 25. exf5 e4 26. Bxe4 Rae8 27. Qd3 Rxe4
28. Qxe4 Qh1+ 29. Kd2 Qxa1 30. Kc2 Qf1 31. Kb3 Qxf2 32. Nd4 Re8 33. Ne6 Bd1+
34. Ka3 a5 35. Qd4 b4+ 36. cxb4 axb4+ 37. Kxb4 Ra8 38. Kb5 Rb8+ 39. Kc6 Qxb2
40. Qxb2 Rxb2 41. Nxc7 Rxa2 42. Kxd6 Bh5 43. Kd7 Bg4 44. Ke6 g6 45. Kf6 Re2 46.
Rxe2 Bxe2 47. fxg6 hxg6 48. Kxg6 Kf8 49. d6 Bf3 50. h5 Be4+ 51. Kf6 Bc6 52. h6
Kg8 53. Nd5 Bb5 54. Kg5 Kf7 55. Nf6 Bd3 56. Ng4 Bc2 57. d7 Ke7 58. Ne5 Bh7 59.
Ng6+ Kd8 1-0

[Event "C.to Regionale Lombardia Seniores"]
[Site "Robecchetto con Induno ITA"]
[Date "2013.12.28"]
[Round "2"]
[White "Sala, Gianni"]
[Black "Madaschi, Sergio"]
[WhiteElo "1779"]
[BlackElo "1561"]
[Result "1-0"]
[PlyCount "59"]
[EventDate "2013.12.27"]

1. e4 c6 2. d4 d5 3. exd5 cxd5 4. c4 Nf6 5. Nc3 e6 6. Nf3 Be7 7. Bd3 dxc4 8.
Bxc4 O-O 9. O-O Qc7 10. Qe2 a6 11. Bg5 Nc6 12. Rac1 Qb6 13. Rfd1 h6 14. Be3 Qa5
15. a3 Qh5 16. h3 b5 17. Bd3 Bb7 18. Ne4 Nd5 19. Ng3 Nxe3 20. Nxh5 Nxd1 21.
Rxd1 Rfd8 22. Bb1 Na5 23. Ne5 g6 24. Nxg6 fxg6 25. Qxe6+ Kf8 26. Bxg6 Bd5 27.
Qf5+ Kg8 28. Bh7+ Kh8 29. Qe5+ Kxh7 30. Qg7# 1-0

[Event "C.to Regionale Lombardia Seniores"]
[Site "Robecchetto con Induno ITA"]
[Date "2013.12.28"]
[Round "2"]
[White "Torretta, Gilberto"]
[Black "Cillo, Angelo"]
[WhiteElo "1630"]
[BlackElo "1755"]
[Result "0-1"]
[PlyCount "84"]
[EventDate "2013.12.27"]

1. e4 e5 2. Nf3 Nc6 3. Bb5 a6 4. Ba4 Nf6 5. O-O Nxe4 6. Re1 Ng5 7. Bxc6 dxc6 8.
d4 Ne6 9. Nxe5 Be7 10. c3 O-O 11. Be3 f6 12. Nd3 b6 13. Nd2 c5 14. Qb3 Kh8 15.
d5 Bb7 16. c4 Ng5 17. h4 Nf7 18. Nf4 Bc8 19. Ne4 f5 20. Ng3 Bxh4 21. Ngh5 Nd6
22. Qc3 Bf6 23. Nxf6 Qxf6 24. Qd2 Nxc4 25. Qe2 Nxe3 26. Qxe3 Bd7 27. Qg3 Rae8
28. Ne6 Bxe6 29. dxe6 Rxe6 30. Qxc7 Rfe8 31. Red1 Qh4 32. Qf7 Qf6 33. Qb7 a5
34. g3 h5 35. Kg2 R8e7 36. Qf3 g6 37. Rh1 Re4 38. Rh2 Qxb2 39. Rah1 Re2 40.
Rxh5+ gxh5 41. Rxh5+ Kg7 42. Qxf5 Rxf2+ 0-1

[Event "C.to Regionale Lombardia Seniores"]
[Site "Robecchetto con Induno ITA"]
[Date "2013.12.28"]
[Round "3"]
[White "Brioschi, Camillo"]
[Black "Marchesotti, Giovanni"]
[WhiteElo "1793"]
[BlackElo "1526"]
[Result "1-0"]
[PlyCount "51"]
[EventDate "2013.12.27"]

1. d4 Nf6 2. c4 e6 3. Nc3 Bb4 4. e3 b6 5. Nge2 Ba6 6. Ng3 Bxc3+ 7. bxc3 O-O 8.
Bd3 d5 9. cxd5 Bxd3 10. Qxd3 exd5 11. O-O Nbd7 12. f3 c5 13. e4 cxd4 14. cxd4
dxe4 15. fxe4 Re8 16. Qf3 Qe7 17. e5 Nxe5 18. dxe5 Qxe5 19. Bf4 Qd5 20. Qxd5
Nxd5 21. Bd2 g6 22. Rac1 Rac8 23. Kf2 f5 24. Rfe1 Kf7 25. Rxe8 Rxc1 26. Rd8 1-0

[Event "C.to Regionale Lombardia Seniores"]
[Site "Robecchetto con Induno ITA"]
[Date "2013.12.28"]
[Round "3"]
[White "Cillo, Angelo"]
[Black "Puricelli, Giancarlo"]
[WhiteElo "1755"]
[BlackElo "1687"]
[Result "1-0"]
[PlyCount "45"]
[EventDate "2013.12.27"]

1. d4 g6 2. c4 Bg7 3. Nc3 Nf6 4. e4 d6 5. Nf3 O-O 6. Be2 Nbd7 7. O-O b6 8. Re1
Bb7 9. Bf1 c5 10. d5 Ng4 11. Bf4 Nge5 12. Rb1 Nxf3+ 13. Qxf3 Ne5 14. Qh3 Ba6
15. b3 Bc8 16. Qe3 Ng4 17. Qd2 Bd4 18. Re2 e5 19. Bg3 a6 20. h3 Nf6 21. Bh4
Nxe4 22. Rxe4 Qe8 23. Bf6 1-0

[Event "C.to Regionale Lombardia Seniores"]
[Site "Robecchetto con Induno ITA"]
[Date "2013.12.28"]
[Round "3"]
[White "Ferri, Antonio"]
[Black "Ossoli, Giuseppe"]
[WhiteElo "1651"]
[BlackElo "1601"]
[Result "1-0"]
[PlyCount "174"]
[EventDate "2013.12.27"]

1. d4 e6 2. c4 Nf6 3. Nc3 b6 4. e3 Bb7 5. Bd2 c5 6. Nf3 d6 7. Be2 Nbd7 8. O-O
Be7 9. Re1 O-O 10. Bd3 a6 11. e4 h6 12. h3 Qc7 13. b3 e5 14. d5 Rab8 15. a4 Nh7
16. Nh2 Ndf6 17. f4 Bc8 18. f5 Kh8 19. Kh1 Rg8 20. Rg1 Bf8 21. g4 g5 22. Ne2
Bg7 23. Rg2 Bd7 24. Nc3 Be8 25. Qf3 Nd7 26. Qg3 f6 27. Kg1 Bf7 28. Kf2 Qd8 29.
Be2 Qf8 30. Ke3 Qe8 31. Kd3 b5 32. axb5 axb5 33. Nxb5 Rb6 34. Bf3 Qb8 35. Kc2
Be8 36. Be2 Ndf8 37. Rgg1 Bxb5 38. cxb5 Qb7 39. Ra5 Nd7 40. Rga1 Rb8 41. Qd3
Nhf8 42. Qc4 Qc8 43. Qa4 R6b7 44. Qa3 Nb6 45. Bc4 Nfd7 46. Ra7 Rxa7 47. Qxa7
Rb7 48. Qa3 Nxc4 49. bxc4 Nb6 50. Qb3 Kh7 51. Nf3 Qb8 52. Ra5 Ra7 53. Rxa7 Qxa7
54. Kb2 Na4+ 55. Kb1 Nb6 56. Ne1 Bf8 57. Nc2 Be7 58. Qa3 Qxa3 59. Nxa3 Bd8 60.
Ba5 Kg7 61. Bxb6 Bxb6 62. Ka2 Kf7 63. Kb3 Ke7 64. Ka4 Kd7 65. Nc2 Kc7 66. Ne1
Kb7 67. Nd3 Kc7 68. Nc1 Kb7 69. Nb3 Kc8 70. Na5 Kc7 71. Nc6 Kb7 72. Ne7 Bd8 73.
Ng8 Kb6 74. Nxh6 Be7 75. Nf7 Kb7 76. Nh8 Kb6 77. Ng6 Bd8 78. h4 gxh4 79. Nxh4
Kb7 80. Ng6 Kb6 81. Nf8 Kb7 82. Ne6 Bb6 83. g5 fxg5 84. Nxg5 Bd8 85. Nh7 Kc7
86. f6 Bxf6 87. Nxf6 Kb6 1-0

[Event "C.to Regionale Lombardia Seniores"]
[Site "Robecchetto con Induno ITA"]
[Date "2013.12.28"]
[Round "3"]
[White "Madaschi, Sergio"]
[Black "Torretta, Gilberto"]
[WhiteElo "1561"]
[BlackElo "1630"]
[Result "0-1"]
[PlyCount "128"]
[EventDate "2013.12.27"]

1. e4 e5 2. Nf3 Nc6 3. Bb5 a6 4. Ba4 Nf6 5. O-O Nxe4 6. Re1 Ng5 7. Bxc6 dxc6 8.
Nxe5 Be7 9. d4 Ne6 10. c3 O-O 11. Be3 f6 12. Nf3 f5 13. Qb3 Kh8 14. Bf4 Nxf4
15. Ne5 Be6 16. Qxb7 Qd5 17. f3 Bd6 18. Qxc6 Bxe5 19. Qxd5 Nxd5 20. Rxe5 Bg8
21. Nd2 Rae8 22. Rae1 Nf6 23. b3 Rxe5 24. dxe5 Re8 25. c4 Nd7 26. f4 a5 27. Nf3
Nc5 28. Rd1 Ne6 29. g3 Rd8 30. Rd5 h6 31. Rxa5 c5 32. Kf2 Bf7 33. Rb5 Bh5 34.
Rb6 Bf7 35. a4 Kg8 36. a5 Ra8 37. a6 Nc7 38. Rd6 Rxa6 39. Rxa6 Nxa6 40. h3 Be6
41. Ke2 Kf7 42. Kd3 Nb4+ 43. Kc3 Kg6 44. Ne1 Kh5 45. Nd3 Nxd3 46. Kxd3 g5 47.
fxg5 hxg5 48. Ke3 Kg6 49. Kf3 Bd7 50. Kf2 Kf7 51. h4 gxh4 52. gxh4 Ke6 53. Kf3
Kxe5 54. h5 Kf6 55. Kf4 Kg7 56. Kg5 Kh7 57. h6 Be6 58. Kf4 Kxh6 59. Ke5 Kg5 60.
Kxe6 f4 61. b4 f3 62. b5 f2 63. b6 f1=Q 64. b7 Qxc4+ 0-1

[Event "C.to Regionale Lombardia Seniores"]
[Site "Robecchetto con Induno ITA"]
[Date "2013.12.28"]
[Round "3"]
[White "Maffeo, Mauro"]
[Black "Sala, Gianni"]
[WhiteElo "1713"]
[BlackElo "1779"]
[Result "1/2-1/2"]
[PlyCount "54"]
[EventDate "2013.12.27"]

1. d4 Nf6 2. e3 d5 3. f4 c5 4. c3 cxd4 5. exd4 Bf5 6. Nf3 Nc6 7. Be2 e6 8. O-O
h6 9. Ne5 Be7 10. Bb5 Qb6 11. Bd3 Ne4 12. Bxe4 Bxe4 13. Nd2 Bh7 14. Kh1 Nxe5
15. fxe5 O-O 16. Nf3 Rac8 17. Qe2 Qc6 18. Bd2 Qc4 19. Qe1 Bd3 20. Rg1 Be4 21.
Qg3 Bg6 22. h4 Kh8 23. b3 Qd3 24. Rgd1 Qe4 25. Rf1 Bh5 26. Be1 Qd3 27. Rf2 Qe4
1/2-1/2

[Event "C.to Regionale Lombardia Seniores"]
[Site "Robecchetto con Induno ITA"]
[Date "2013.12.28"]
[Round "3"]
[White "Rigotti, Gianluigi"]
[Black "Buzio, Alberto"]
[WhiteElo "1594"]
[BlackElo "1854"]
[Result "0-1"]
[PlyCount "58"]
[EventDate "2013.12.27"]

1. e4 c5 2. g3 Nc6 3. Bg2 Nf6 4. Ne2 e5 5. c3 d5 6. exd5 Nxd5 7. O-O Be6 8. Na3
Be7 9. Nc2 O-O 10. d4 exd4 11. cxd4 c4 12. a3 Bf6 13. Bd2 Rc8 14. Bc3 b5 15. f4
a5 16. f5 Nxc3 17. bxc3 Bd5 18. Nf4 Bxg2 19. Nxg2 b4 20. axb4 axb4 21. d5 b3
22. Qf3 Ne5 23. Qe4 bxc2 24. Qxc2 Qxd5 25. Nf4 Qc5+ 26. Qf2 Qxf2+ 27. Rxf2 Nd3
28. Nd5 Nxf2 29. Nxf6+ gxf6 0-1

[Event "C.to Regionale Lombardia Seniores"]
[Site "Robecchetto con Induno ITA"]
[Date "2013.12.29"]
[Round "4"]
[White "Brioschi, Camillo"]
[Black "Cillo, Angelo"]
[WhiteElo "1793"]
[BlackElo "1755"]
[Result "0-1"]
[PlyCount "50"]
[EventDate "2013.12.27"]

1. d4 d5 2. c4 e6 3. Nc3 c6 4. cxd5 exd5 5. Nf3 Nf6 6. Bg5 Be7 7. Qc2 Be6 8. e3
Nbd7 9. Bd3 O-O 10. h3 Rc8 11. O-O Re8 12. Rac1 h6 13. Bf4 c5 14. Qe2 c4 15.
Bb1 a6 16. e4 dxe4 17. Nxe4 Nf8 18. Nxf6+ Bxf6 19. Be5 Bd5 20. Rfe1 b5 21. Be4
Bxe4 22. Qxe4 Qa5 23. Qf5 b4 24. Bxf6 Rxe1+ 25. Rxe1 Qxf5 0-1